NCAAM Basketball Logo Quiz: Ivy - Statistics

General Stats
  • This quiz has been taken 268 times
  • The average score is 7 of 8
Answer Stats
Picture Answer % Correct
Harvard
100%
Yale
100%
Princeton
99%
Brown
92%
Penn
90%
Dartmouth
88%
Cornell
82%
Columbia
76%
No matching quizzes found
Score Distribution
Percent of People with Each Score
Percentile by Number Answered
Your Score History
You have not taken this quiz